00435cam a22001452 4500001001100000005001700011008004100028020002600069040001500095050001700110245004500127260005200172300001700224650004800241000000263620151217161131.0070417s xx 000 0 eng d a052153691X :cKES 760 aKABUcKABU 0aPE1628b.C3610aCambridge advanced learner's dictionary. aCambridge :bCambridge University Press,c2003. axii, 1550 p. 0aEnglish languagevDictionaries.@0000148334